000
00235 a2200097 4500
001
18836
100
_a
Hall &knight
245
_a
Solutions of the examples in higher algebra
260
_a
_b
Macmillan & CO
_c
1932
090
_c
13955
_d
13955
942
_a
NUST-CAE
_c
M
_c
4397
999
_c
253909
_d
253909